El sexo contado a los pequeños / (Registro nro. 13792)

Detalles MARC
000 -LIDER
fixed length control field 01320com a2200361 c 4500
001 - NÚMERO DE CONTROL
Identificador de número de control
003 - IDENTIFICACDOR DE NÚMERO DE CONTROL
control field
005 - DATE AND TIME OF LATEST TRANSACTION
control field 20211015093316.0
007 - CAMPOS FIJOS DE DESCRIPCIÓN FÍSICA
fixed length control field
007 - CAMPOS FIJOS DE DESCRIPCIÓN FÍSICA
fixed length control field
008 - ELEMENTOS DE LONGITUD FIJA
fixed length control field 200721s20uu sp | 0 spa
015 ## - NÚMERO DENTRO DE LA BIBLIOGRAFÍA NACIONAL
National bibliography number
015 ## - NÚMERO DENTRO DE LA BIBLIOGRAFÍA NACIONAL
National bibliography number
017 ## - NÚMERO DE REGISTRO DE DERECHOS DE AUTOR
Copyright or legal deposit number
Assigning agency
Canceled/invalid copyright or legal deposit number
020 ## - ISBN
International Standard Book Number 9788449423260
040 ## - FUENTE DE CATALOGACIÓN
Agencia que crea de manera original el registro BPMSU
Idioma de catalogación spa
Agencia que realiza la transcripción BPMSU
Convenciones de la despripción
080 ## - NÚMERO DE CLASIFICACIÓN DECIMAL UNIVERSAL
Universal Decimal Classification number
082 ## - NÚMERO DE CLASIFICACIÓN DECIMAL DE DEWEY
Classification number 155.3
Item number S518c
Edition number 22
245 #3 - MENCIÓN DE TITULO
Título El sexo contado a los pequeños /
Mención de responsabilidad redacción Pere Font Cabré, Elena O'Callaghan i Duch ; ilustración Mercè Arànega, María Pascual.
Subtítulo
260 ## - PUBLICACIÓN, DISTRIBUCIÓN, ETC. (PIE DE IMPRENTA)
Lugar de publicación, distribución, etc Barcelona :
Nombre del editor, distribuidor, etc. Editorial Oceano,
Fecha de publicación, distribución, etc [200-?]
300 ## - DESCRIPCIÓN FÍSICA
Extensión 2 v. :
Otros detalles físicos ilustraciones (color)
Dimensiones 29 cm +
Material complementario 1 CD-ROM
500 ## - NOTA GENERAL
Nota general El CD-Rom es complemento del libro.
505 0# - NOTA DE CONTENIDO
Texto normalizado de contenido v.1 María, Carlos y sus amigos ; El cuerpo y los sentidos ; Somos iguales, somos diferentes ; Crecemos: la pubertad. -- v.2 Las personas nos relacionamos ; Va a nacer un niño ; El respeto por el cuerpo ; Al cerrar el libro.
590 ## - NOTA LOCAL
Enlace Inventariado, 2021/VM
650 #4 - ENCABEZAMIENTO DE MATERIA--TEMÁTICO
Término temático o nombre geográfico como elemento de entrada Sexualidad infantil
Subdivisión de forma Preguntas y respuestas.
Fuente del encabezamiento o término
650 #4 - ENCABEZAMIENTO DE MATERIA--TEMÁTICO
Término temático o nombre geográfico como elemento de entrada Educación sexual para niños.
700 1# - ASIENTO SECUNDARIO -- NOMBRE PERSONAL
Nombre personal Font Cabré, Pere.
700 1# - ASIENTO SECUNDARIO -- NOMBRE PERSONAL
Nombre personal O'Callaghan i Duch, Elena,
Fechas asociadas con el nombre 1955-
700 1# - ASIENTO SECUNDARIO -- NOMBRE PERSONAL
Nombre personal Aránega, Mercé,
Fechas asociadas con el nombre 1949-
Mención de responsabilidad il.
700 1# - ASIENTO SECUNDARIO -- NOMBRE PERSONAL
Nombre personal Pascual, María,
Mención de responsabilidad il.
910 ## - VALIDACIÓN
Validación VMateo V.
942 ## - ADDED ENTRY ELEMENTS (KOHA)
Source of classification or shelving scheme Dewey Decimal Classification
Koha item type Libros
Existencias
Withdrawn status Lost status Source of classification or shelving scheme Damaged status Not for loan Collection code Home library Current library Date acquired Full call number Barcode Date last seen Copy number Price effective from Koha item type
    Dewey Decimal Classification     Colección Dominicana Biblioteca Pública Metropolitana Salomé Ureña Biblioteca Pública Metropolitana Salomé Ureña 10/15/2021 BPMSU CG 155.3 S518c 2005 BPMSU21100094 10/15/2021 v.1 10/15/2021 Libros
    Dewey Decimal Classification     Colección Dominicana Biblioteca Pública Metropolitana Salomé Ureña Biblioteca Pública Metropolitana Salomé Ureña 10/15/2021 BPMSU CG 155.3 S518c 2005 BPMSU21100095 10/15/2021 v.2 10/15/2021 Libros
    Dewey Decimal Classification     Colección Dominicana Biblioteca Pública Metropolitana Salomé Ureña Biblioteca Pública Metropolitana Salomé Ureña 10/15/2021 BPMSU CG 155.3 S518c 2005 BPMSU21100096 10/15/2021 v.0 CD 10/15/2021 Libros